000 01411nam a2200241Ii 4500
003 JO-AjNU
005 20240625093921.0
008 230605s9999||||xx |||||||||||||| ||und||
040 _aJO-AjNU
_bara
_erda
_cJO-AjNU
041 _aara
050 1 4 _aHG221.2022
100 1 _aالمحمد، رامي محمد عبدالله
_eمعد
_965577
245 0 0 _aاثر الرشاقة الاستراتيجية في تعزيز الذكاء التنافسي في شركات الصرافة بإقليم الشمال في الاردن، جودة علاقات الزبائن:كمتغير معدل=The Impact of Strategic Agility in Enhancing the Competitive Intelligence in Exchange Companies at Northern Region of Jordan, The Quality of Customers Relationship: as Moderating Varaible /
_cإاعداد رامي محمد عبدالله المحمد ؛ اشراف نضال فواز حسين القضاة
260 _c2022
300 _a159 ورقة
336 _atext
_btxt
_2rdacontent
337 _aunmediated
_bn
_2rdamedia
338 _avolume
_bnc
_2rdacarrier
500 _aرسالة جامعية ( اطروحة ماجستير) جامعة عجلون الوطنية: كلية ادارة الاعمال، تخصص ادارة اعمال،2022
650 4 _aشركات الصرافة-الذكاء التنافسي
_963566
700 1 _aالقضاة، نضال فواز حسين
_964939
_eاشراف
942 _2lcc
_cTHS
999 _c32409
_d32409